Arctic Monkeys Songs - Sudden Death - Statistics

General Stats
  • This quiz has been taken 349 times
  • The average score is 14 of 20
Answers on the Grid
Answers color-coded by a green-red scale on the quiz's grid according to % correct below.
Do I Wanna Know?
Fake Tales of San Francisco
I Predict a Riot
Feel Good Inc.
R U Mine?
Flagpole Sitta
505
A Certain Romance
Crying Lightning
Symphony
Brianstorm
Brown Eyed Girl
Don't Look Back In Anger
Body Paint
Oh My God
Cigarette Smoker Fiona
Princess of China
Chelsea Dagger
From the Ritz to the Rubble
Fireside
Future Nostalgia
Heroes
Take Me Out
Old Yellow Bricks
One for the Road
Bellbottoms
Found What I've Been Looking For
Knee Socks
If You Were There Beware
Dancing in the Moonlight
Club Foot
Californication
Teddy Picker
Tainted Love
When the Sun Goes Down
Mardy Bum
Cornerstone
The Man Who Built the Moon
Sculptures of Anything Goes
Castle on the Hill
 
Answer Stats
Answer % Correct
Do I Wanna Know?
97%
R U Mine?
96%
505
92%
Crying Lightning
78%
Knee Socks
77%
Brianstorm
75%
Mardy Bum
73%
Teddy Picker
73%
When the Sun Goes Down
73%
Old Yellow Bricks
71%
Fake Tales of San Francisco
70%
From the Ritz to the Rubble
69%
One for the Road
69%
Cornerstone
67%
A Certain Romance
64%
Fireside
63%
Body Paint
61%
If You Were There Beware
61%
Cigarette Smoker Fiona
54%
Sculptures of Anything Goes
54%
No matching quizzes found
Score Distribution
Percent of People with Each Score
Percentile by Number Answered
Your Score History
You have not taken this quiz